00272nam a22000977a 4500082001200000100002800012245006600040260004300106300000800149650001700157 a232 ALI aAli,, Ahmed Abdel Wahab aThe Christ As an seen In The Sovrces Of The Christian Beliefs aDelhibNew Crescent Publishing Company a213 aJesus Christ